Norwegian nouns - Statistics

General Stats
  • This quiz has been taken 24 times
  • The average score is 6 of 16
Answer Stats
Hint Answer % Correct
A funeral en begravelse
83%
a number et tall
72%
a fortress en festning
56%
a parent en forelder
56%
a letter en bokstav
50%
an office et kontor
44%
a message en beskjed
39%
a message en beskjed
39%
a holiday en ferie
39%
a grade en karakter
33%
a profession et yrke
28%
a birthdate en fødselsdato
17%
an agency et byrå
17%
a subject en fag
11%
a rucksack en ransel
11%
a colleague en kamerat
0%
No matching quizzes found
Score Distribution
Percent of People with Each Score
Percentile by Number Answered
Your Score History
You have not taken this quiz